Quizzes
Events
Quiz Creation
Community
Videos
Private Events
Remove Ads
Sign In
Join for FREE
Feedback
Dark Mode
Quiz Categories
Sports
Geography
Music
Movies
Television
Just For Fun
Miscellaneous
History
Literature
Language
Science
Gaming
Entertainment
Religion
Holiday
For Kids
Quiz Lab
Recent
Popular Today
Quiz Kudos Today
Editor Picks
Curator Picks
Quizzes by...
Day
Popularity
Type
Ratings
Length
Year
Community
Subscriptions
Recent Discussions
Orange Saloon
Badges
Playlists
Quests
Create
Leaderboards
Showdown
Live 5
Trivia Bingo
Activity
Puzzle Library
Sporcle Events
Private Events
Virtual Trivia
Globe League
Become a Host
Pub Owners
SporcleCon
Opinionation
Our Games
Videos
Blog
Mobile Apps
Partnerships
Remove Ads and Go Orange
Feedback
Entertainment
Celebrity
Famous
Musical
Broadway
Show
Quote
Comic Books
Anime
Superhero
DC Comics
Marvel
Cartoons
Animation
Entertainment
Celebrity
Famous
Musical
Broadway
Show
Quote
Comic Books
Anime
Superhero
DC Comics
Marvel
Cartoons
Animation
Random Quiz
Search Sporcle
×
Quiz Lab
Quiz Lab
Entertainment
Celebrity
Type in answers that appear in a list
Type in answers that appear in a list
Classic
Best Score? Go Orange.
41 Hot Chicks Stats
Can you name the 41 Hot Female Celebrities for this quiz?
By
JaredThater
10m
41 Questions
328 Plays
328 Plays
328 Plays
Comments
Comments
Give Quiz Kudos
Give Quiz Kudos
-
- Ratings
hide this ad
Replay
Link that replays current quiz
Next Quiz
Link to next quiz in quiz playlist
You Got
0%
They Got
Avg Score
51%
Avg Friend Score
Upgrade to see
Score Distribution
Jump to the score distribution portion of the page
Score
0/41
Timer
10:00
0
Plays Today
Hot Celebrity
% Correct
Miley Cyrus
84.5%
Megan Fox
84.1%
Angelina Jolie
77.4%
Emma Watson
76.5%
Ellen Page
73.8%
Katy Perry
72.6%
Emma Stone
72.3%
Hilary Duff
72%
Christina Aguilera
69.5%
Alicia Keys
69.5%
Emma Roberts
65.5%
Taylor Swift
65.5%
Paris Hilton
63.7%
Blake Lively
62.8%
Amanda Seyfried
62.2%
Nicki Minaj
61.6%
Kaley Cuoco
61.3%
Selena Gomez
60.4%
Beyonce Knowles
59.5%
Amanda Bynes
56.4%
Scarlett Johansson
51.8%
Hot Celebrity
% Correct
Sarah Wright
50.3%
Zooey Deschanel
49.1%
Mila Kunis
48.5%
Gabrielle Union
48.2%
Vanessa Hudgens
48.2%
Lindsey Lohan
44.2%
Leighton Meester
41.2%
Ashley Johnson
41.2%
Kristen Stewart
38.4%
Maggie Grace
33.5%
Hayden Panettiere
32.6%
Michelle Trachtenberg
28.4%
America Ferrera
27.4%
Rachel McAdams
27.1%
Emily Browning
26.8%
Lauren Conrad
26.5%
Kristin Cavallari
26.2%
Ashley Tisdale
25%
Laura Vandervoort
15.5%
Tina Majorino
8.5%
Quiz Playlist
Details
Report
Send in Message
Add To Playlist
Classic:
Type in answers that appear in a list
Last Updated: Feb 16, 2017
Quiz Scoreboard
CHALLENGE
Sign Up to Join the Scoreboard
Show All
Scores
Hide
Comments
May contain spoilers
Recently Published
College Basketball Coaching Resumes
by pancakes188
Sports
9m
Billboard Blitz: Fleetwood Mac
by CooCooCachoo
Music
15s
Presidents Visiting Landmarks
by Hejman
History
7m
More to Explore
Quiz From the Vault
Featured Blog Post
Where Did the Easter Bunny Come From?
hide this ad
You Might Also Like...
Tags
Celebrity Quiz
chick
female
hot
Today's Top Quizzes in Entertainment
Browse Entertainment
hide this ad
Today's Top Quizzes in Celebrity
Browse Celebrity
Top Contributed Quizzes in Entertainment
1
7-to-1: DC Comics Villains
2
Marvel Characters Bunker
3
Eurovision 2023 Logic Puzzle
4
Dragon Ball Z: Goku's Fights in Order
5
Criteria Quickie: Cartoon Taxonomy II
6
Sorting Pictures: Villains
7
Kamen Rider Motifs
8
Mini Trivia Sudoku: Musicals
9
Fictional Villains Letter U Blitz
10
7-to-1: One Piece
Explore More
Trending Topics
NBA
Anime
Harry Potter
Marvel
Disney
Kpop
Crossword
NFL
Puzzle
The Office
Soccer
Song
Pokémon
Country
WWE
hide this ad
More By:
JaredThater
Quiz
Plays
Rating
Category
Featured
Created
Lyrics to 'Somebody that I used to know' by Gotye
9,431
4.36
Music
Mar 10, 2012
EDM Artists
2,631
4.00
Music
Jul 24, 2012
'8 Mile' Final Rap Battle Words
2,171
2.86
Movies
Feb 19, 2012
Lyrics to the song 'Sail' by AWOLNATION
823
4.70
Music
Jun 12, 2012
'Dead Poets' Society' Movie Characters
739
2.50
Movies
Mar 11, 2012
Go to Creator's Profile
Score Distribution
Quiz Creator Spotlight
JaredThater
Follow
Send a Message
Quizzes Created
-
Created Quiz Play Count
-
More By This Creator
Popular Quizzes Today
1
Find the US States - No Outlines Minefield
2
Find the Countries of Europe - No Outlines Minefield
3
The Countries of the World
4
Find the US States
5
Risky Map Clicking: Biggest States A-Z
6
US States
7
Popular People in 1961
8
Movies - When Are They Set?
More Entertainment Quizzes
'Six' Musical Match-Up
Quiz Lab
Trending Quizzes
Risky Map Clicking: Least Populous States A-Z
1-10 Letter G Words
1-10 Letter F Words
Risky Map Clicking: Next State Alphabetically
Risky Map Clicking: Biggest States A-Z
Recently Updated
Leaping Animals
pecheneg
Reality TV Shows (A-Z)
bhenderson79
Rickey Henderson's Hall of Fame Teammates
pecheneg
Champions League XIs: Arsenal
pecheneg
Quick Pick: Celebrities in WWE's Hall of Fame
aduchscher
A-Z Keypad Blitz II
pecheneg
Multiple Oscar Actors
pecheneg
Mystery Phrase Blitz: Oscar 'Best Actors'
pecheneg
F. Scott Fitzgerald Novels
LTH
Pick 3 Villains
ddd62291
Trending Topics
Marvel
Crossword
NBA
Anime
Harry Potter
Kpop
Disney
Pokémon
Puzzle
Song
NFL
Soccer
Country
WWE
The Office
Your Account Isn't Verified!
In order to create a playlist on Sporcle, you need to verify the email address you used during registration. Go to your
Sporcle Settings
to finish the process.
Report this User
Report this user for behavior that violates our
Community Guidelines
.
Details:
Send Report
Go to the Sporcle.com Mobile Site →
Comments